000 00705cam a2200217 a 4500
001 934611
005 20180123034738.0
008 831012s1984 ctu b 001 0 eng
010 _a 83022575
020 _a0313239355 (lib. bdg.)
040 _aDLC
_cDLC
_dDLC
041 _aeng
043 _an-us---
080 _a016.331 but
082 0 0 _a016.331 but
_219
100 1 _a52
101 _apune
245 1 0 _aLabor and the environment :
_ccompiled by Frederick H. Buttel, Charles C. Geisler, and Irving W. Wiswall.
906 _a7
_bcbc
_corignew
_d1
_eocip
_f19
_gy-gencatlg
942 _2ddc
_cBK
999 _c40715
_d40715